000 00690nam a2200241Ia 4500
003 OSt
005 20221005071848.0
006 a|||||r|||| 00| 0
007 ta
008 221004b |||||||| |||| 00| 0 eng d
024 _a53169
037 _cTextual
040 _aCRL
_cCRL
_beng
041 _2eng
_aeng
082 _aR39(Y) .2, M6
100 _aSinha Lakshmi
245 0 _aHumansitic trends in Indian ethic
_b with special reference to S Radhakrishnan and M N Roy
260 _aNew Delhi
_bCapital
_c1986
300 _a156p.
_ccm.
650 _aPHILOSOPHY
942 _hR39(Y) .2, M6
_cTEXL
_2cc
999 _c978483
_d978483